00873cam a22002413a 45000010005000000030006000050050017000110080041000280400015000690420007000840500007000911000029000982450166001272600029002935060030003225160020003526530049003726530034004216530063004556530044005188300028005628560041005903892PGUSA20140828083040.0041204s2004||||xxu|||||s|||||000 | eng d aPGUSAbeng adc 4aDC1 aGoldsmith, Lewis,d-184610aMemoirs of the Court of St. Cloud (Being secret letters from a gentleman at Paris to a nobleman in London) — Volume 1h[electronic resource] /cLewis Goldsmith bProject Gutenberg,c2004 aPublic domain in the USA. aElectronic text aNapoleon I, Emperor of the French, 1769-1821 aFrance -- Court and courtiers aFrance -- History -- Consulate and First Empire, 1799-1815 aFrance -- Kings and rulers -- Biography 0aProject Gutenbergv389240uhttp://www.gutenberg.org/ebooks/3892